000 00419pab a2200169 454500
008 180718b1982 xxu||||| |||| 00| 0 eng d
100 _aChatterjee, P.K.
245 _aWater pricing: With reference to the Calcutta Metropolitan District
260 _c1982
300 _ap.78-83.
362 _aJan-Mar
650 _aWater policy
700 _aDutta, A.K.
773 _aNagarlok
908 _aN
909 _a101845
999 _c101843
_d101843